| 000 | 01303cam a2200361 i 4500 | ||
|---|---|---|---|
| 001 | 0008012677 | ||
| 003 | OSt | ||
| 005 | 20260530100024.0 | ||
| 008 | 250730s2026 quca j 000 0 fre | ||
| 020 | _a9782898700644 | ||
| 020 | _a2898700649 | ||
| 040 |
_aQMBN _bfre _erda _cQMBN _dQMBND |
||
| 050 | 4 | _aBF723.E67 | |
| 082 | 0 | 4 |
_aALB PAP _bP217m _223/fre/202603 |
| 082 | 0 | 5 |
_a155.41241 _bP217m _223/fre/202603 |
| 091 | 0 | _a155.41241 | |
| 100 | 1 |
_aPapineau, Lucie, _d1962- _eauteur |
|
| 245 | 1 | 0 |
_aMets-toi ma place! : _bune histoire d'empathie / _ctexte, Lucie Papineau ; illustrations, Sophie Benmouyal |
| 264 | 1 |
_aMontrǎl (Qub̌ec) : _bla Bagnole, _c[2026] |
|
| 300 |
_a1 volume (non pagin)̌ : _billustrations en couleur ; _c27 cm |
||
| 336 |
_atexte _btxt _2rdacontent |
||
| 337 |
_asans mďiation _bn _2rdamedia |
||
| 338 |
_avolume _bnc _2rdacarrier |
||
| 490 | 1 | _aLa vie devant toi | |
| 521 | _aPour enfants de 5 ans et plus | ||
| 650 | 6 |
_aEmpathie chez l'enfant _vOuvrages pour la jeunesse |
|
| 650 | 7 |
_aCompassion _2vmj |
|
| 655 | 7 |
_aAlbums de fiction documentaire _2rvmgf |
|
| 700 | 1 |
_aBenmouyal, Sophie _eillustrateur |
|
| 830 | 0 | _aVie devant toi | |
| 942 |
_2ddc _cALBUM |
||
| 999 |
_c18865 _d18865 |
||